Veinte años despues /

Guardado en:
Autor Principal: Dumas, Alejandro
Formato: Libro
Publicado: Barcelona : Bruguera, 1978
Materias:
Etiquetas: Agregar Etiqueta
Sin Etiquetas, Sea el primero en etiquetar este registro!
LEADER 00589nam a22002175a 4500
001 CEM.cems013468
005 20110222101046.0
008 130507s1978##################000#0#####d
003 CEMS
082 0 4 |a 843.7 
100 1 |a Dumas, Alejandro 
245 1 0 |a Veinte años despues /  |c Alejnadro Dumas 
260 |a Barcelona :  |b Bruguera,  |c 1978 
300 |a 730 p. 
653 |a Literatura 
653 |a Literatura francesa 
653 |a Novelas 
653 |a Novelas francesas 
653 |a Narrativa 
653 |a Narrativa francesa 
859 |a CEMS  |b BIB. CEMS - 11 de abril  |h 843.7  |i D89-1  |p 26079.11  |t Ej.1